6 Most Famous Cities in East Timor on a Map - Statistics

General Stats
  • This quiz has been taken 64 times
  • The average score is 2 of 6
Answers on the Map
Answers color-coded by a green-red scale on the quiz's map according to % correct below.
 
Answer Stats
Wiki Monthly Views Cityquiz Mention Rate Population Answers % Correct
23.52K 25.53% 267.62K Dili
100%
1.50K 0.52% 19.12K Baucau
33%
1.11K 0.30% 12.78K Lospalos/Lautém
30%
7.70K 0.10% 15.24K Pante Macassar/Oecusse
26%
2.54K - 9.27K Atauro
19%
1.04K 0.08% 2.92K Aileu
14%
No matching quizzes found
Score Distribution
Percent of People with Each Score
Percentile by Number Answered
Your Score History
You have not taken this quiz